书目信息 |
| 题名: |
香山帮建筑笔记
|
|
| 作者: | 周骏 , 何大明 著 | |
| 分册: | ||
| 出版信息: | 北京 中国建筑工业出版社 2016.01 |
|
| 页数: | 202页 | |
| 开本: | 26cm | |
| 丛书名: | 景原丛书 | |
| 单 册: | ||
| 中图分类: | TU-87 | |
| 科图分类: | ||
| 主题词: | 古建筑--gu jian zhu--文物保护--苏州 | |
| 电子资源: | ||
| ISBN: | 978-7-112-18437-8 | |
| 000 | 00940nam 2200253 450 | |
| 001 | CAL 0120151748071 | |
| 005 | 20191105105751.67 | |
| 010 | @a978-7-112-18437-8@dCNY48.00 | |
| 100 | @a20160615d2016 em y0chiy50 ea | |
| 101 | 0 | @achi |
| 102 | @aCN@b110000 | |
| 105 | @aa z 000yy | |
| 200 | 1 | @a香山帮建筑笔记@Axiang shan bang jian zhu bi ji@f何大明, 周骏著 |
| 210 | @a北京@c中国建筑工业出版社@d2016.01 | |
| 215 | @a202页@c图@d26cm | |
| 225 | 2 | @a景原丛书@Ajing yuan cong shu |
| 330 | @a本书以苏州的文物保护建筑和控制保护建筑为主题, 通过对这些香山帮建筑遗产的历史文脉梳理、建筑形制与文化的探讨、建筑价值的评估等研究解读, 为读者展现了当代苏州的历史文化遗产建筑保护和利用的最新成果。 | |
| 410 | 0 | @12001 @a景原丛书 |
| 606 | 0 | @a古建筑@Agu jian zhu@x文物保护@y苏州 |
| 690 | @aTU-87@v5 | |
| 701 | 0 | @a周骏@Azhou jun@4著 |
| 701 | 0 | @a何大明@Ahe da ming@4著 |
| 801 | 0 | @aCN@c20160615 |
| 905 | @a河南城建学院图书馆@dTU-87@eH164@f3 | |
| 香山帮建筑笔记/何大明, 周骏著.-北京:中国建筑工业出版社,2016.01 |
| 202页:图;26cm.-(景原丛书) |
| ISBN 978-7-112-18437-8:CNY48.00 |
| 本书以苏州的文物保护建筑和控制保护建筑为主题, 通过对这些香山帮建筑遗产的历史文脉梳理、建筑形制与文化的探讨、建筑价值的评估等研究解读, 为读者展现了当代苏州的历史文化遗产建筑保护和利用的最新成果。 |
| ● |
| 相关链接 |
|
|
|
正题名:香山帮建筑笔记
索取号:TU-87/H164
 
预约/预借
| 序号 | 登录号 | 条形码 | 馆藏地/架位号 | 状态 | 备注 |
| 1 | 1232333 | 212323332 | 建筑库101/101建筑库 21排3列5层/ [索取号:TU-87/H164] | 在馆 | |
| 2 | 1232334 | 212323341 | 建筑库101/101建筑库 21排3列5层/ [索取号:TU-87/H164] | 在馆 | |
| 3 | 1232335 | 212323350 | 建筑库101/101建筑库 21排3列5层/ [索取号:TU-87/H164] | 在馆 | |
| 4 | 1232336 | 212323369 | 建筑库101/101建筑库 21排3列5层/ [索取号:TU-87/H164] | 在馆 | |
| 5 | 1232337 | 212323378 | 建筑库101/101建筑库 21排3列5层/ [索取号:TU-87/H164] | 在馆 | |
| 6 | 1262203 | 212622036 | 建筑库101/101建筑库 21排3列5层/ [索取号:TU-87/H164] | 在馆 | |
| 7 | 1262204 | 212622045 | 建筑库101/101建筑库 21排3列5层/ [索取号:TU-87/H164] | 在馆 | |
| 8 | 1262205 | 212622054 | 建筑库101/101建筑库 21排3列5层/ [索取号:TU-87/H164] | 在馆 |